| 000 | 01085nam a22002057a 4500 | ||
|---|---|---|---|
| 005 | 20120401152326.0 | ||
| 008 | 120401s2011 ua||||| ||||f00| 0 ara d | ||
| 082 |
_222 _a320.15 _bن ج ا |
||
| 100 |
_916104 _aالنجار، أحمد السيد |
||
| 245 |
_aالاصلاح الاقتصادى الليبرالى : _bمخرج ام مازق؟ : دراسة مقارنة لتجارب مصر و المغرب و تركيا و الهند و تشيكيا / _cاحمد السيد النجار. |
||
| 260 |
_a القاهرة : _bمركز الدراسات السياسية و الاستراتيجية، _cc 2011. |
||
| 300 |
_a264 ص. : _bايض. ؛ _cc 24 سم. |
||
| 504 | _a يشتمل على ارجاعات ببليوجرافية. | ||
| 650 |
_98114 _aالليبرالية |
||
| 650 |
_929527 _aالاقتصاد الدولى. |
||
| 650 |
_929528 _aالازمات الاقتصادية |
||
| 653 |
_bAra _cApril2012 |
||
| 942 |
_2ddc _cBB |
||
| 999 |
_c16619 _d16619 |
||